000 00542nam a2200157 i 4500
001 73197
003 ES-MaACL
005 20230906171712.0
007 t|
008 040907s1962 sp ||||1| spa d
100 1 _aGómez Sánchez, Indalencio.
_958153
245 1 3 _aEl Ph y su determinación
_b: teoría-técnica-correcciones : Rh y potenciales de óxido-reducción : sistemas tampón /
_cIndalecio Gómez Sánchez.
260 _aMadrid :
_bDossat,
_c[1962]
300 _aXIV, 180 p. :
_bil. ;
_c22 cm.
852 _aES-MaACL
_jA-757
_bR.49948
999 _c73197
_d73197